Информация 2-го бюро Генштаба французской армии об отправке правительством республиканской Испании странам-участникам соглашения...

RUSMARC
00004015cbm0a2200265#x 450
001fe831e9b-e3af-4cad-842a-3f1da3410e1c
00520200427160944.0
100##$a20200423j19361126k###0rusy50 ca
1010#$afre
$arus
102##$aFR
1220#$ad19361126##
2001#$aИнформация 2-го бюро Генштаба французской армии об отправке правительством республиканской Испании странам-участникам соглашения о невмешательстве в испанские дела ноты с требованием отмены законов о запрещении вывоза оружия из этих стран для республиканской Испании
$j26 ноября 1936 г.
251##$cДокумент
300##$aКопия. На французском языке. Перевод прилагается (3 листа)
461#0$12001
$aФ. 7
$1251
$cФонд
$1852
$j7
462#0$12001
$aОп. 1
$1251
$cОпись
$1852
$j1
462#0$12001
$aД. 191
$vЛ. 681-683
$1251
$cДело
$1852
$j191
605##$2prlib_sh
$3LIBNET\UAF\0000088514
$aВторая мировая война в архивных документах (Комплекс оцифрованных архивных документов, кино- и фотоматериалов)
$lколлекция
617##$aИспания
$f1936
$2prlib_sh
617##$aФранция
$f1936
$2prlib_sh
801#0$aRU
$bПБ им. Б.Н. Ельцина
$c20200423
801#1$aRU
$bПБ им. Б.Н. Ельцина
$c20200423
$2rusmarc
801#2$aRU
$bПБ им. Б.Н. Ельцина
$c20200427
$2rusmarc
850##$aРоссийский государственный военный архив
852##$aРГВА
$jЛ. 681-683
035##$aLIBNET\0001069994
937##$d144162282
$hРоссийский государственный военный архив
8564#$uhttp://readingroom.main.prlib.ru/item.aspx?id_node=n144162282&mode=full
Формат отображения